000 00876cab a2200229 4500
001 WB2942-05
008 090401t1993 xxu||||| |||| 00| 0 eng d
035 _a(Sirsi) u67534
041 _aeng
245 _aLords ruling on poor building work
260 _c1993
350 _a0
490 _aIndependent on Sunday
_v7 November 1993, 11(1)
520 _aRecent House of Lords rulings, may have repercussions for the building industry. Prospective purchasers may begin to insist that they will not buy a property unless there is a clause in the contract stating that the seller will take legal action against the builder if a problem with the work arises after any guarantee has lapsed.
650 _aDAMAGES
650 _aGUARANTEES
650 _aVENDOR AND PURCHASER
650 _aWORKMANSHIP
690 _aBUILT ENVIRONMENT
942 _n0
948 _c04/03/1997
999 _c42256
_d42256